LIBRARY & INFORMATION CENTRE, KCAET, TAVANUR

ONLINE PUBLIC ACCESS CATALOGUE (OPAC)

Energy Security and Climate Change (Record no. 13613)

MARC details
000 -LEADER
fixed length control field 00304cam a2200133ua 4500
020 ## - INTERNATIONAL STANDARD BOOK NUMBER
ISBN 9788174467416
082 ## - DEWEY DECIMAL CLASSIFICATION NUMBER
Classification number 621.0425
Item number SHA/EN
100 ## - MAIN ENTRY--AUTHOR NAME
Personal name Shahi R.V.
245 ## - TITLE STATEMENT
Title Energy Security and Climate Change
250 ## - EDITION STATEMENT
Edition statement 1 st
260 ## - PUBLICATION, DISTRIBUTION, ETC. (IMPRINT)
Place of publication New Delhi:
Name of publisher Excel,
Year of publication 2009.
300 ## - PHYSICAL DESCRIPTION
Number of Pages 735
942 ## - ADDED ENTRY ELEMENTS (KOHA)
Koha item type Books
Holdings
Withdrawn status Lost status Damaged status Collection code Home library Current library Shelving location Date acquired Source of acquisition Cost, normal purchase price Full call number Accession Number Koha item type
        KAUAET KAUAET Scheme 29/08/2016 Penta Books Distributors, Calicut. 695.00 621.0425 SHA/EN BB 164 Book Bank scheme for SC students
        KAUAET KAUAET Scheme 29/08/2016 Penta Books Distributors, Calicut. 695.00 621.0425 SHA/EN BB 165 Book Bank scheme for SC students
free website counter